Billy Joel Lyrics Quiz (Part 05) - Statistics

General Stats
  • This quiz has been taken 143 times
    142 since last reset
  • The average score is 103 of 246
Answer Stats
Answer % Correct
I
97%
a
93%
the
87%
You
77%
me
72%
to
67%
To
67%
and
66%
And
66%
She
66%
in
65%
it
65%
my
59%
so
59%
So
59%
love
57%
is
54%
her,
53%
when
53%
When
53%
No
52%
it's
50%
It's
50%
I'm
48%
if
47%
If
47%
Then
47%
girl
46%
She's
45%
say
43%
woman
43%
all
41%
of
41%
too
41%
how
40%
know
40%
not
40%
some
39%
got
38%
have
37%
But
34%
ever
34%
right
34%
tell
34%
get
33%
Just
33%
just
33%
only
32%
out
32%
alone
28%
I'll
28%
Leave
28%
leave
28%
that's
28%
down
27%
feel
27%
isn't
26%
best
25%
I've
25%
moment
25%
need
25%
tender
25%
wrong
24%
real
23%
mind
22%
something
22%
though
22%
Yes
22%
Even
21%
even
21%
keep
21%
known
21%
You've
20%
'Cause
19%
afraid
18%
feeling
18%
light
18%
quiet
18%
close
17%
facts
17%
mood
17%
put
17%
avoiding
16%
foot
16%
gets
16%
hold
16%
I'd
16%
line
16%
mouth
16%
serious
16%
shy
16%
Sometimes
16%
suddenly
16%
conversation
15%
relax
15%
undeniably
15%
comical
14%
high
14%
mistake
13%
room
13%
tonight
13%
change
12%
run
12%
escape
11%
frightened
11%
ought
11%
guess
10%
tension
10%
Breaking
9%
emotions
9%
hide
9%
inside
9%
places
9%
attitude
6%
arose
4%
No matching quizzes found
Score Distribution
Percent of People with Each Score
Percentile by Number Answered
Your Score History
You have not taken this quiz since the last reset